000 00932nam a22002297a 4500
005 20210325204853.0
008 s2553 tha d
020 _a9786162000935
041 _atha
050 _aTK5105.5 ก342ก 2553
100 0 _aก่อกิจ วีระอาชากุล
245 1 0 _aGuide & practice network administration
260 3 _aนนทบุรี :
_bไอดีซี พรีเมียร์,
_c2553
300 _a637 หน้า :
_b ภาพประกอบ, ตาราง ;
_c 23 ซม.
650 0 4 _aเน็ตเวิร์ค
650 0 4 _aข่ายงานคอมพิวเตอร์ -- การจัดการ
850 _aNALT
942 _cGB
997 _a37639
997 _c000000000062032
998 _aนางสาวชัชฎา จูฑะรักษ์
999 _c62032
_d62032